Chemical engineering data book (Record no. 36437)

000 -LEADER
fixed length control field 00504nam a22001931 4500
001 - CONTROL NUMBER
control field 36437
003 - CONTROL NUMBER IDENTIFIER
control field BD-DhUET
008 - FIXED-LENGTH DATA ELEMENTS--GENERAL INFORMATION
fixed length control field 871013s1958 enka 000 0 eng u
040 ## - CATALOGING SOURCE
Original cataloging agency DLC
Transcribing agency DLC
Modifying agency BD-DhUET
082 ## - DEWEY DECIMAL CLASSIFICATION NUMBER
Classification number 660.28
Item number ROS/1962
100 ## - MAIN ENTRY--PERSONAL NAME
Personal name Ross, T. K.
245 00 - TITLE STATEMENT
Title Chemical engineering data book
250 ## - EDITION STATEMENT
Edition statement 1st ed.
260 ## - PUBLICATION, DISTRIBUTION, ETC. (IMPRINT)
Place of publication, distribution, etc. London
Name of publisher, distributor, etc. Leonard Hill
Date of publication, distribution, etc. 1962
300 ## - PHYSICAL DESCRIPTION
Extent x,998p.
Other physical details ill.
Dimensions 22 cm.
650 #0 - SUBJECT ADDED ENTRY--TOPICAL TERM
Topical term or geographic name as entry element Chemical engineering-Data processing
700 1# - ADDED ENTRY--PERSONAL NAME
Personal name Freshwater, D. C.
942 ## - ADDED ENTRY ELEMENTS (KOHA)
Koha item type General Book
Holdings
Withdrawn status Koha date last seen Price effective from Sublocation or collection (holding branch) Not for loan Piece designation (barcode) Koha normalized classification for sorting Koha full call number Shelving location Lost status Damaged status Date acquired Copy number Koha item type Source of classification or shelving scheme Location (home branch)
 2016-01-072016-01-07Central Library, BUET 22468660_280000000000000_ROS_1962660.28/ROS/1962Reference section  2016-01-071General Book Central Library, BUET
 2016-01-072016-01-07Central Library, BUET 22469660_280000000000000_ROS_1962660.28/ROS/1962Reference section  2016-01-072General Book Central Library, BUET
 2016-01-072016-01-07Central Library, BUET 22474660_280000000000000_ROS_1962660.28/ROS/1962Reference section  2016-01-073General Book Central Library, BUET
 2016-01-072016-01-07Central Library, BUET 22473660_280000000000000_ROS_1962660.28/ROS/1962Reference section  2016-01-074General Book Central Library, BUET
 2016-01-072016-01-07Central Library, BUET 22470660_280000000000000_ROS_1962660.28/ROS/1962Reference section  2016-01-075General Book Central Library, BUET
 2016-01-072016-01-07Central Library, BUET 22471660_280000000000000_ROS_1962660.28/ROS/1962Reference section  2016-01-076General Book Central Library, BUET
 2016-01-072016-01-07Central Library, BUET 22475660_280000000000000_ROS_1962660.28/ROS/1962Reference section  2016-01-077General Book Central Library, BUET
 2016-01-072016-01-07Central Library, BUET 12046660_280000000000000_ROS_1962660.28/ROS/1962Reference section  2016-01-078General Book Central Library, BUET